00786 a2200217 4500010001400000020002300014035001300037037001600050082001100066090001700077100003600094245006800130250001200198260004200210270009100252300003100343500002000374942002500394999001700419952013200436 aENG-89901 a8180901638c450.00 aEN-73434 bDBAD / PUB14a230.31 c11936d119361 a Premananda Bharati, Swami Baba1 aSri Krsna:bthe lord of love/cby Swami Baba Premananda Bharati arev. ed aDelhibBharatiya Kala Prakashanc2007 a3421-A, IInd Floor, Narang Colony, Tri NagarbDelhicDelhie110035k27393083, 30967505 axxviii, 295p.c21 cm. (Hb) aIncludes index. adplcENk230.31/ BHA c11582d11582 00102ddc40718NFICaDBADbDBADeDBAD/PUBg450.00l0o230.31pEN-73434r2008-09-15 00:00:00t1u12696v450.00w2008-09-15yEN